Maloobchodné značky Tesco

Maloobchodné značky v obchodnom reťazci Tesco. Aspekty jednotlivých maloobchodných značiek. Sortiment maloobchodných značiek (MOZ) v Tescu. Vývoj merchandisingu privátnych značiek v hypermarkete Tesco.

Guardado en:
Detalles Bibliográficos
Autor principal: Hinková-Dibarborová, Andrea
Formato: Capítulo de libro
Lenguaje:eslovaco
Materias:
Etiquetas: Agregar Etiqueta
Sin Etiquetas, Sea el primero en etiquetar este registro!

MARC

LEADER 00000naa a2200000 4500
001 r036493
005 20230929100248.9
041 0 |a slo 
044 |a SK 
245 1 0 |a Maloobchodné značky Tesco  |c Andrea Hinková 
520 |a Maloobchodné značky v obchodnom reťazci Tesco. Aspekty jednotlivých maloobchodných značiek. Sortiment maloobchodných značiek (MOZ) v Tescu. Vývoj merchandisingu privátnych značiek v hypermarkete Tesco. 
610 2 0 |a značky maloobchodné 
610 2 0 |a značky výrobné 
610 2 0 |a maloobchod 
610 2 0 |a hypermarkety 
610 2 0 |a Tesco 
610 2 0 |a diskont 
610 2 0 |a merchandising 
610 2 0 |a sortiment tovaru 
610 2 0 |a spotrebitelia 
610 2 0 |a ponuka 
100 1 |a Hinková-Dibarborová, Andrea